000
00318nam a22001337a 4500
008
170527b xxu||||| |||| 00| 0 eng d
020
_a
9780070109513
041
_a
eng
080
_2
2ND
_a
621.3
100
_a
27
101
_a
IM
245
_a
HIGH-FREQUENCY SWITCHING POWER SUPPLIES
_c
CHRYSSIS, G.C
942
_2
udc
_c
BK
999
_c
14632
_d
14632